000 00443nam a2200181Ia 4500
008 131103s9999 xx 000 0 und d
020 _a552136387
040 _aLoreto College
041 _aEnglish
082 _aF/STE
_bLCBED/10761
100 _aSteel, Danielle
245 _aDaddy
_cDanielle Steel
260 _aLondon
_bCorgi
_c1989
300 _a313 p.
_c 19 cm.
650 _aEnglish fiction
850 _aLCBED/F/STE
942 _cBK
999 _c32996
_d83475